Lady Gaga - Paroles Just Dance - Statistiques

Statistiques générales
  • Ce quiz a été pris 19 fois
  • Le résultat moyen est 238 sur 500
Statistiques - réponses
Hint Réponse % Correct
(Oh
100%
oh,
100%
oh)
100%
(Oh,
100%
Woo!
100%
da
94%
Da
94%
(Da
94%
dance,
94%
dance
94%
Refrain Dance
94%
Dance,
94%
Just
94%
j-j-just
94%
Refrain Just
94%
Just,
94%
just
94%
I
88%
(I
88%
a
82%
A
82%
be
82%
go!
76%
Bridge Go,
76%
okay,
71%
okay
71%
the
71%
The
71%
doo
65%
Gaga
65%
gon'
59%
on,
59%
on
59%
on)
59%
this
59%
you
59%
Don't
53%
Gonna
53%
it
53%
it,
53%
it)
53%
love
53%
anymore
47%
babe,
47%
can
47%
can't
47%
Can't
47%
eh)
47%
Keep
47%
name
47%
of
47%
record,
47%
to
47%
Couplet 3 When
47%
alright,
41%
alright
41%
baby,
41%
(Baby)
41%
club?
41%
cool,
41%
floor?
41%
floor,
41%
last
41%
lost
41%
my
41%
remember,
41%
straight
41%
too
41%
Pré-refrain What's
41%
what's
41%
are
35%
bit
35%
but
35%
had
35%
it's
35%
Couplet 1 I've
35%
keys?
35%
little
35%
much,
35%
much
35%
no
35%
RedOne
35%
see
35%
slow,
35%
Where
35%
yeah
35%
yeah)
35%
And
29%
and
29%
goin'
29%
have
29%
(Hey)
29%
In
29%
in
29%
let
29%
people
29%
phone,
29%
phone
29%
rush
29%
that
29%
break
24%
by)
24%
come
24%
down
24%
inside
24%
(inside
24%
Let's
24%
like
24%
me
24%
muscle,
24%
out?
24%
out,
24%
out
24%
start
24%
(start
24%
tonight
24%
use
24%
your
24%
All
18%
all
18%
clean
18%
could
18%
energy
18%
get
18%
got
18%
is
18%
right)
18%
say
18%
there
18%
they
18%
through
18%
Couplet 2 Wish
18%
close
12%
drink
12%
enough
12%
eyes,
12%
find
12%
gettin'
12%
Breakdown Half
12%
here
12%
hit
12%
hypnotic,
12%
mouth
12%
playboy
12%
poison,
12%
roses
12%
'round
12%
shut
12%
Spin
12%
(Spin
12%
stay,
12%
stay
12%
them
12%
thorns,
12%
turn
12%
up,
12%
up
12%
we're
12%
ain't
6%
Amazing
6%
believe
6%
blueprint,
6%
catalogue
6%
Control
6%
dizzy
6%
drive
6%
give
6%
hips
6%
hosed
6%
How'd
6%
I'ma
6%
Konvict
6%
leave
6%
man
6%
meantime,
6%
Music
6%
or
6%
psychotic,
6%
shirt
6%
sick,
6%
so
6%
symphonic
6%
tomorrow,
6%
Intro Truth!
6%
twirlin'
6%
twister
6%
way
6%
with
6%
without
6%
at
0%
beat
0%
bleed
0%
call
0%
carve
0%
checking
0%
dough
0%
electronic
0%
flaw
0%
hustle
0%
Interlude Incredible
0%
latch
0%
Lysol,
0%
many
0%
onto
0%
pick
0%
pock-o
0%
reason
0%
Shorty,
0%
Spend
0%
steady,
0%
tryna
0%
until
0%
watch
0%
why
0%
women
0%
work
0%
Aucun quiz correspondant
Distribution des résultats
% des personnes avec chaque résultat
Percentile par nombre de réponses
Votre historique - résultats
Vous n’avez pas pris ce quiz